Celebrities Venn Diagram Quiz Stats

 Plays Quiz Updated Aug 9, 2017

Support Sporcle.
Go Orange.
Score 0/8 Timer 02:00
0 Plays Today
% Correct
Céline Dion
84.5%
Jim Carrey
82.9%
Justin Timberlake
73.9%
Stephen Amell
73.5%
Drake
71.3%
Channing Tatum
71.2%
Adam Levine
60.5%
Angelina Jolie
58%

You're not logged in!

Compare scores with friends on all Sporcle quizzes.
OR
Log In
Forgot?

From the Vault

A Bird on the Flag

by pecheneg

A bird on the flag is worth two in the bush?
Remove Ads.
Support Sporcle.
Get the best of Sporcle when you Go Orange. This ad-free experience offers more features, more stats, and more fun while also helping to support Sporcle. Thank you for becoming a member.

Show Comments

Extras

Top Quizzes Today


Score Distribution

Your Account Isn't Verified!

In order to create a playlist on Sporcle, you need to verify the email address you used during registration. Go to your Sporcle Settings to finish the process.

Report this User

Report this user for behavior that violates our Community Guidelines.

Details: